000 00291nam a2200109Ia 4500
008 200302s9999 xx 000 0 und d
100 _aDavid Chappell
245 _aStandard Letters In Architectural Practice -- 3Rd Edition
260 _bBlackwell Publishing
260 _c2003
300 _a320 P
999 _c4862
_d4862